[Event "BEL-chT 1718"]
[Site "Belgium"]
[Date "2018.04.29"]
[Round "11.7"]
[White "Hammes, Michael"]
[Black "Decoster, Frederic"]
[Result "1-0"]
[WhiteElo "2340"]
[BlackElo "2255"]
[PlyCount "145"]
[EventDate "2017.09.24"]
[EventType "team-tourn"]
[EventRounds "11"]
[EventCountry "BEL"]
[SourceTitle "EXT 2019"]
[Source "ChessBase"]
[SourceDate "2018.10.10"]
[SourceVersion "1"]
[SourceVersionDate "2018.10.10"]
[SourceQuality "1"]
[WhiteTeam "Eynatten"]
[BlackTeam "KBSK Brugge"]
[WhiteTeamCountry "BEL"]
[BlackTeamCountry "BEL"]

1. d4 d6 2. c4 Nf6 3. Nc3 g6 4. e4 Bg7 5. Be2 0-0 6. Nf3 e5 7. 0-0 Nc6 8. d5 Ne7 9. Nd2 a5 10. Rb1 Nd7 11. a3 f5 12. b4 Kh8 13. Qc2 Ng8 14. f3 Bh6 15. c5 axb4 16. axb4 Ndf6 17. Nc4 Bxc1 18. Rbxc1 Nh6 19. Qd2 Nf7 20. b5 dxc5 21. b6 cxb6 22. Rb1 Ra6 23. f4 exf4 24. e5 g5 25. exf6 Qxf6 26. Rfd1 Rd8 27. d6 Be6 28. Nd5 Bxd5 29. Qxd5 g4 30. d7 f3 31. gxf3 gxf3 32. Bxf3 Ra2 33. Rd2 Rxd2 34. Qxd2 Ng5 35. Bg2 Qg7 36. Qe3 Ne4 37. Kh1 Qxd7 38. Bxe4 fxe4 39. Qxe4 Re8 40. Qf3 b5 41. Ne5 Qd4 42. Nf7+ Kg7 43. Rg1+ Qxg1+ 44. Kxg1 Rf8 45. Qxb7 Rxf7 46. Qxb5 Rf5 47. Qc6 Kf7 48. Qh6 Kg8 49. Qe6+ Rf7 50. Kg2 c4 51. Qxc4 Kg7 52. Kg3 Rf6 53. Qd4 Kf7 54. Kg4 Kg7 55. h4 h6 56. Qc3 Kg6 57. Qd3+ Kg7 58. Kh5 Kf7 59. Qd7+ Kf8 60. Qh7 Ke8 61. Qg7 Re6 62. Kg4 Rd6 63. Kf5 Kd8 64. Qf7 Kc8 65. h5 Kd8 66. Ke5 Rc6 67. Qb7 Rc1 68. Qb8+ Ke7 69. Qd6+ Kf7 70. Qg6+ Ke7 71. Qe6+ Kd8 72. Qxh6 Re1+ 73. Kf6 1-0

[Event "BEL-chT 1718"]
[Site "Belgium"]
[Date "2018.03.25"]
[Round "9.4"]
[White "Jakubiec, Artur"]
[Black "Hammes, Michael"]
[Result "1-0"]
[WhiteElo "2502"]
[BlackElo "2340"]
[PlyCount "69"]
[EventDate "2017.09.24"]
[EventType "team-tourn"]
[EventRounds "11"]
[EventCountry "BEL"]
[SourceTitle "EXT 2019"]
[Source "ChessBase"]
[SourceDate "2018.10.10"]
[SourceVersion "1"]
[SourceVersionDate "2018.10.10"]
[SourceQuality "1"]
[WhiteTeam "Wirtzfeld"]
[BlackTeam "Eynatten"]
[WhiteTeamCountry "BEL"]
[BlackTeamCountry "BEL"]

1. f4 d5 2. Nf3 Nf6 3. g3 g6 4. Bg2 Bg7 5. 0-0 0-0 6. d3 c5 7. c3 d4 8. Qe1 Nc6 9. Na3 Nd5 10. Bd2 Rb8 11. Rb1 b6 12. Nc2 Nc7 13. c4 a5 14. b3 Na6 15. a3 b5 16. cxb5 Rxb5 17. a4 Rb8 18. Na3 Ncb4 19. Ne5 Bb7 20. Qf2 Nd5 21. Rfc1 f6 22. Nec4 Nab4 23. f5 e6 24. g4 Re8 25. Nb5 Bf8 26. Be4 exf5 27. gxf5 Rxe4 28. dxe4 Nb6 29. fxg6 hxg6 30. Qg2 Kf7 31. Nxa5 Ba8 32. Bxb4 cxb4 33. Nc6 Bxc6 34. Rxc6 Nd7 35. Qh3 1-0

[Event "BL2-West 1718"]
[Site "Germany"]
[Date "2018.03.18"]
[Round "8.4"]
[White "Hammes, Michael"]
[Black "Wacker, Peter"]
[Result "1/2-1/2"]
[WhiteElo "2340"]
[BlackElo "2323"]
[PlyCount "84"]
[EventDate "2017.10.08"]
[EventType "team-tourn"]
[EventRounds "9"]
[EventCountry "GER"]
[SourceTitle "CBM 183 Extra"]
[Source "ChessBase"]
[SourceDate "2018.04.19"]
[SourceVersion "1"]
[SourceVersionDate "2018.04.19"]
[SourceQuality "1"]
[WhiteTeam "Koblenz"]
[BlackTeam "Koeln SF"]
[WhiteTeamCountry "GER"]
[BlackTeamCountry "GER"]

1. d4 d5 2. c4 e6 3. Nc3 Be7 4. Nf3 Nf6 5. cxd5 exd5 6. Bg5 c6 7. Qc2 g6 8. e3 Bf5 9. Bd3 Bxd3 10. Qxd3 Nbd7 11. 0-0 0-0 12. Nd2 Re8 13. Rad1 Ne4 14. Bxe7 Qxe7 15. Ndxe4 dxe4 16. Qc4 Nb6 17. Qc5 Rad8 18. b4 Nd5 19. Nxd5 Rxd5 20. Qxe7 Rxe7 21. a4 a5 22. Rb1 axb4 23. Rxb4 Ra5 24. Rfb1 Ra7 25. h3 h6 26. Kh2 Kg7 27. g4 g5 28. Kg3 Kg6 29. h4 gxh4+ 30. Kxh4 f5 31. Rg1 Ra5 32. gxf5+ Kxf5 33. Rg8 c5 34. dxc5 Rxc5 35. Rb8 Rcc7 36. Rb5+ Kg6 37. Rb6+ Kg7 38. Kg3 Rf7 39. Re8 Rc2 40. Rxe4 Rcxf2 41. Rf4 R2xf4 42. exf4 Re7 1/2-1/2

[Event "BL2-West 1718"]
[Site "Germany"]
[Date "2018.02.25"]
[Round "7.5"]
[White "Hammes, Michael"]
[Black "Jackelen, Thomas"]
[Result "1/2-1/2"]
[WhiteElo "2340"]
[BlackElo "2406"]
[PlyCount "204"]
[EventDate "2017.10.08"]
[EventType "team-tourn"]
[EventRounds "9"]
[EventCountry "GER"]
[SourceTitle "CBM 183 Extra"]
[Source "ChessBase"]
[SourceDate "2018.04.19"]
[SourceVersion "1"]
[SourceVersionDate "2018.04.19"]
[SourceQuality "1"]
[WhiteTeam "Koblenz"]
[BlackTeam "Aachen SV"]
[WhiteTeamCountry "GER"]
[BlackTeamCountry "GER"]

1. d4 d5 2. c4 c6 3. Nc3 Nf6 4. Nf3 a6 5. c5 Bf5 6. Bf4 Nbd7 7. e3 Nh5 8. Bd3 Nxf4 9. exf4 Bg4 10. 0-0 g6 11. Be2 Bxf3 12. Bxf3 Bg7 13. Qd3 0-0 14. h4 e6 15. g3 b6 16. b4 a5 17. a3 axb4 18. axb4 bxc5 19. bxc5 Qf6 20. Ne2 Nxc5 21. Qc2 Rxa1 22. Rxa1 Qe7 23. Rc1 Nb7 24. Qxc6 Nd6 25. Qa6 Nf5 26. Qb6 Qa3 27. Rc3 Qa1+ 28. Rc1 Bxd4 29. Rxa1 Bxb6 30. h5 Rc8 31. hxg6 hxg6 32. Ra2 Kf8 33. Kg2 Rc4 34. Rb2 Bc5 35. Ng1 Nd6 36. Nh3 Bd4 37. Ra2 Rb4 38. Kf1 Rb2 39. Rxb2 Bxb2 40. Be2 Ke7 41. Bd3 Kd7 42. Ke2 Kc6 43. Ng5 Kc5 44. Nf3 Bc3 45. Kd1 Kb4 46. Kc2 Bf6 47. Kd2 Kb3 48. Bc2+ Kb2 49. Ba4 Ne4+ 50. Ke3 Kc3 51. Ke2 Bd4 52. Be8 Nd6 53. Bd7 Kc4 54. Ne1 Kc5 55. Nd3+ Kb6 56. Ba4 Kc7 57. Kf3 Kd8 58. Ke2 Ke7 59. Bc6 Ne4 60. Kf3 Bc3 61. Ke3 Ba5 62. Kf3 Bc7 63. Ke2 Nd6 64. Ba4 Nc4 65. Bc6 Nb6 66. Bb7 f6 67. Bc6 Bd6 68. Bb5 e5 69. fxe5 fxe5 70. f3 g5 71. g4 Na8 72. Bc6 Nc7 73. Kd2 Ke6 74. Kc3 Be7 75. Nf2 Kd6 76. Ba4 Bf6 77. Kd3 Kc5 78. Bd7 Kd6 79. Bf5 Na6 80. Ke2 Nb4 81. Nd3 Nc6 82. Bh7 Bd8 83. Kf2 Bb6+ 84. Kg2 Be3 85. Bg6 Ne7 86. Bh7 Bd4 87. Kf1 Kc6 88. Ke2 Kb5 89. Kd2 Kc4 90. Ke2 Kc3 91. Ne1 Bc5 92. Nd3 Kd4 93. Nf2 Nc6 94. Nh3 Be7 95. Nf2 Kc3 96. Nd1+ Kd4 97. Nf2 Nd8 98. Bg8 Nb7 99. Nd1 e4 100. Ne3 exf3+ 101. Kxf3 Ke5 102. Nxd5 Bd8 1/2-1/2

[Event "BL2-West 1718"]
[Site "Germany"]
[Date "2018.01.21"]
[Round "5.4"]
[White "Stark, Lars"]
[Black "Hammes, Michael"]
[Result "1/2-1/2"]
[WhiteElo "2398"]
[BlackElo "2340"]
[PlyCount "120"]
[EventDate "2017.10.08"]
[EventType "team-tourn"]
[EventRounds "9"]
[EventCountry "GER"]
[SourceTitle "CBM 183 Extra"]
[Source "ChessBase"]
[SourceDate "2018.04.19"]
[SourceVersion "1"]
[SourceVersionDate "2018.04.19"]
[SourceQuality "1"]
[WhiteTeam "Duesseldorf"]
[BlackTeam "Koblenz"]
[WhiteTeamCountry "GER"]
[BlackTeamCountry "GER"]

1. c4 e6 2. Nf3 d5 3. d4 a6 4. Nc3 Nf6 5. Bg5 dxc4 6. e3 b5 7. a4 c6 8. axb5 cxb5 9. Nxb5 axb5 10. Rxa8 Bb4+ 11. Nd2 Bb7 12. Ra1 e5 13. dxe5 Bxd2+ 14. Qxd2 Qxd2+ 15. Kxd2 Ne4+ 16. Kc2 Nxg5 17. b3 0-0 18. bxc4 bxc4 19. f3 Rc8 20. Be2 Ne6 21. Rhb1 Bd5 22. Ra5 Nc7 23. Kc3 f5 24. exf6 gxf6 25. Bxc4 Bxc4 26. Kxc4 Ne6+ 27. Kd5 Nc6 28. Rc1 Nb4+ 29. Kxe6 Rxc1 30. Kxf6 Rc6+ 31. Kf5 Rc2 32. Kf6 Rc6+ 33. Kf5 Rc2 34. Rb5 Nd3 35. Rb8+ Kg7 36. Rb7+ Kg8 37. Rb8+ Kg7 38. g4 Rxh2 39. g5 Ra2 40. Rb7+ Kg8 41. Rb8+ Kg7 42. Rb7+ Kg8 43. f4 Ra5+ 44. Kg4 Ra4 45. Re7 Ra1 46. Rc7 Nf2+ 47. Kf3 Nd3 48. Rc3 Nb4 49. Ke4 Ra5 50. Rc8+ Kf7 51. Rd8 Nc6 52. Rd7+ Ne7 53. Rb7 Ra4+ 54. Kf3 h6 55. gxh6 Ra6 56. f5 Rxh6 57. Kf4 Rh1 58. e4 Ra1 59. Rb5 Rf1+ 60. Kg5 Rg1+ 1/2-1/2

[Event "BEL-chT 1718"]
[Site "Belgium"]
[Date "2017.12.03"]
[Round "5.6"]
[White "Harff, Marcel"]
[Black "Hammes, Michael"]
[Result "1-0"]
[WhiteElo "2369"]
[BlackElo "2340"]
[PlyCount "71"]
[EventDate "2017.09.24"]
[EventType "team-tourn"]
[EventRounds "11"]
[EventCountry "BEL"]
[SourceTitle "CBM 181 Extra"]
[Source "ChessBase"]
[SourceDate "2017.12.12"]
[SourceVersion "1"]
[SourceVersionDate "2017.12.12"]
[SourceQuality "1"]
[WhiteTeam "KSK Rochade"]
[BlackTeam "Eynatten"]
[WhiteTeamCountry "BEL"]
[BlackTeamCountry "BEL"]

1. c4 e6 2. Nf3 d5 3. g3 Nf6 4. Bg2 d4 5. 0-0 c5 6. e3 Nc6 7. exd4 cxd4 8. d3 h6 9. Re1 Be7 10. Na3 0-0 11. Nc2 a5 12. b3 Re8 13. a3 Bf8 14. Ne5 Nxe5 15. Rxe5 Qc7 16. Qe1 Bd6 17. Re2 e5 18. Nxd4 Bd7 19. Nf3 Bc6 20. Bb2 Qb6 21. Bxe5 Bxf3 22. Bxf3 Bxe5 23. Rxe5 Rxe5 24. Qxe5 Qxb3 25. a4 Qxd3 26. Bxb7 Re8 27. Qxa5 Qxc4 28. Bf3 Qd3 29. Kg2 Qc2 30. Qb6 Qc3 31. Rd1 Re5 32. Rd8+ Kh7 33. Qb1+ g6 34. Qb8 Qc5 35. Rc8 Qe7 36. Rc7 1-0

[Event "BL2-West 1718"]
[Site "Germany"]
[Date "2017.10.08"]
[Round "1.5"]
[White "Skulener, Wladimir"]
[Black "Hammes, Michael"]
[Result "1/2-1/2"]
[WhiteElo "2390"]
[BlackElo "2340"]
[PlyCount "31"]
[EventDate "2017.10.08"]
[EventType "team-tourn"]
[EventRounds "9"]
[EventCountry "GER"]
[SourceTitle "CBM 183 Extra"]
[Source "ChessBase"]
[SourceDate "2018.04.19"]
[SourceVersion "1"]
[SourceVersionDate "2018.04.19"]
[SourceQuality "1"]
[WhiteTeam "Aachen DJK"]
[BlackTeam "Koblenz"]
[WhiteTeamCountry "GER"]
[BlackTeamCountry "GER"]

1. d4 e6 2. Nf3 Nf6 3. c4 d5 4. Nc3 a6 5. c5 b6 6. cxb6 cxb6 7. Bf4 Bd6 8. Bxd6 Qxd6 9. e3 Nbd7 10. Bd3 Bb7 11. 0-0 0-0 12. Rc1 b5 13. Nb1 Rac8 14. Nbd2 Nb6 15. Nb3 Nbd7 16. Qe2 1/2-1/2

[Event "BEL-chT 1718"]
[Site "Belgium"]
[Date "2017.10.01"]
[Round "2.6"]
[White "Hammes, Michael"]
[Black "Beukema, Jasper"]
[Result "1/2-1/2"]
[WhiteElo "2340"]
[BlackElo "2219"]
[PlyCount "75"]
[EventDate "2017.09.24"]
[EventType "team-tourn"]
[EventRounds "11"]
[EventCountry "BEL"]
[SourceTitle "EXT 2019"]
[Source "ChessBase"]
[SourceDate "2018.10.10"]
[SourceVersion "1"]
[SourceVersionDate "2018.10.10"]
[SourceQuality "1"]
[WhiteTeam "Eynatten"]
[BlackTeam "Brasschaat"]
[WhiteTeamCountry "BEL"]
[BlackTeamCountry "BEL"]

1. d4 d5 2. c4 e6 3. Nc3 Nf6 4. cxd5 exd5 5. Bg5 Be7 6. e3 c6 7. Qc2 0-0 8. Bd3 Nbd7 9. Nf3 h6 10. Bh4 Nb6 11. 0-0 Be6 12. h3 Nh5 13. Bxe7 Qxe7 14. Ne5 Nc8 15. Rae1 Nd6 16. g4 Nf6 17. f4 Rae8 18. Qg2 Bc8 19. h4 h5 20. gxh5 Nxh5 21. Qg5 Qxg5+ 22. hxg5 Ng3 23. Rf3 Ngf5 24. Kf2 g6 25. Rh1 Kg7 26. Rfh3 Rh8 27. Rxh8 Rxh8 28. Rxh8 Kxh8 29. b4 a6 30. a4 Be6 31. a5 Kg7 32. Na4 Kf8 33. Nc5 Bc8 34. Na4 Ke8 35. Nb6 Be6 36. Na4 Bc8 37. Nc5 Ke7 38. Na4 1/2-1/2